[Event "SRB-chT (Women) Div1"]
[Site "Vrnjacka Banja"]
[Date "2021.09.12"]
[Round "7.3"]
[White "Djuric, Vesna"]
[Black "Brankov, Kristina"]
[Result "1-0"]
[WhiteElo "1928"]
[BlackElo "1887"]
[PlyCount "113"]
[EventDate "2021.09.07"]
[EventType "tourn"]
[EventRounds "11"]
[EventCountry "SRB"]
[SourceTitle "CBM 204 Extra"]
[Source "ChessBase"]
[SourceDate "2021.11.30"]
[SourceVersion "1"]
[SourceVersionDate "2021.11.30"]
[SourceQuality "1"]
[WhiteTeam "Belgrade Crvena Zvezda (W)"]
[BlackTeam "Belgrade Vidikovac (W)"]
[WhiteTeamCountry "SRB"]
[BlackTeamCountry "SRB"]

1. d4 Nf6 2. c4 e6 3. Nf3 Bb4+ 4. Bd2 Qe7 5. g3 Nc6 6. Nc3 0-0 7. Bg2 Bxc3 8. Bxc3 Ne4 9. Rc1 d6 10. d5 Nxc3 11. Rxc3 Nd8 12. dxe6 fxe6 13. 0-0 Nc6 14. Nd4 Nxd4 15. Qxd4 Qf6 16. Qxf6 Rxf6 17. Rd1 Rb8 18. c5 d5 19. f4 b6 20. cxb6 cxb6 21. e4 Bb7 22. exd5 Rd8 23. d6 Bd5 24. Bxd5 exd5 25. Rxd5 Rfxd6 26. Rxd6 Rxd6 27. Rc2 Kf7 28. Kg2 Kf6 29. Kf3 Re6 30. Rd2 Re7 31. Rd6+ Kf7 32. h3 Rc7 33. Rd2 Re7 34. Re2 Rd7 35. Ke4 Kf6 36. a3 h5 37. g4 hxg4 38. hxg4 Rd8 39. Rg2 Rd1 40. g5+ Ke7 41. Kf5 Kf7 42. g6+ Kf8 43. Rc2 a5 44. Rc8+ Ke7 45. Rc7+ Rd7 46. Rxd7+ Kxd7 47. Ke5 a4 48. f5 Ke7 49. Kd5 Kf6 50. Ke4 Ke7 51. Ke5 b5 52. f6+ gxf6+ 53. Kf5 Ke8 54. Kxf6 Kf8 55. Ke5 Kg7 56. Kd5 Kxg6 57. Kc5 1-0

[Event "SRB-chT (Women) Div1"]
[Site "Vrnjacka Banja"]
[Date "2021.09.11"]
[Round "6.4"]
[White "Djuric, Vesna"]
[Black "Djordjevic, Nevena"]
[Result "0-1"]
[WhiteElo "1928"]
[BlackElo "1888"]
[PlyCount "106"]
[EventDate "2021.09.07"]
[EventType "tourn"]
[EventRounds "11"]
[EventCountry "SRB"]
[SourceTitle "CBM 204 Extra"]
[Source "ChessBase"]
[SourceDate "2021.11.30"]
[SourceVersion "1"]
[SourceVersionDate "2021.11.30"]
[SourceQuality "1"]
[WhiteTeam "Belgrade Crvena Zvezda (W)"]
[BlackTeam "Novi Sad Sah Kruzok (W)"]
[WhiteTeamCountry "SRB"]
[BlackTeamCountry "SRB"]

1. d4 Nf6 2. c4 e6 3. Nf3 Bb4+ 4. Bd2 Qe7 5. g3 Nc6 6. Nc3 0-0 7. Bg2 Bxc3 8. Bxc3 Ne4 9. Rc1 d6 10. d5 Nd8 11. dxe6 Nxe6 12. 0-0 f5 13. e3 Bd7 14. Nd4 N6g5 15. h4 Nf7 16. b3 Ne5 17. Bb2 Ng4 18. Nc2 Bc6 19. Qd4 Ne5 20. Nb4 Nc5 21. Nxc6 Nxc6 22. Qd1 a5 23. Ba3 Ne4 24. Qd5+ Kh8 25. Bh3 Qe5 26. Rfd1 Qf6 27. Qd3 Ne5 28. Qe2 Qg6 29. Bg2 Rae8 30. Bb2 Ng4 31. Rf1 Qh6 32. Bxe4 Rxe4 33. Bd4 Re6 34. Qf3 b6 35. Rcd1 Kg8 36. Kg2 Rg6 37. Rh1 Ne5 38. Bxe5 dxe5 39. Qd5+ Re6 40. Qd7 f4 41. exf4 exf4 42. Qxc7 fxg3 43. Rd8 gxf2 44. Rxf8+ Kxf8 45. Qc8+ Re8 46. Qf5+ Kg8 47. Qxf2 Qc6+ 48. Kh2 Qd6+ 49. Kg2 Qg6+ 50. Kh2 Rf8 51. Qg2 Qd6+ 52. Qg3 Rf2+ 53. Kh3 Qd7+ 0-1

[Event "SRB-chT (Women) Div1"]
[Site "Vrnjacka Banja"]
[Date "2021.09.10"]
[Round "4.4"]
[White "Djuric, Vesna"]
[Black "Milutinovic, Stefana"]
[Result "0-1"]
[WhiteElo "1928"]
[BlackElo "2104"]
[PlyCount "76"]
[EventDate "2021.09.07"]
[EventType "tourn"]
[EventRounds "11"]
[EventCountry "SRB"]
[SourceTitle "CBM 204 Extra"]
[Source "ChessBase"]
[SourceDate "2021.11.30"]
[SourceVersion "1"]
[SourceVersionDate "2021.11.30"]
[SourceQuality "1"]
[WhiteTeam "Belgrade Crvena Zvezda (W)"]
[BlackTeam "Belgrade Rad (W)"]
[WhiteTeamCountry "SRB"]
[BlackTeamCountry "SRB"]

1. d4 Nf6 2. c4 c5 3. Nf3 g6 4. Nc3 Bg7 5. g3 0-0 6. Bg2 d6 7. 0-0 Nc6 8. d5 Na5 9. Nd2 e5 10. a3 b6 11. b4 Nb7 12. Bb2 h5 13. Qb3 h4 14. f4 exf4 15. gxf4 Re8 16. Nce4 Bf5 17. Nxf6+ Bxf6 18. e4 h3 19. Bf3 Bd7 20. Kh1 cxb4 21. axb4 a5 22. e5 dxe5 23. Ne4 Bf5 24. Nxf6+ Qxf6 25. fxe5 Qh4 26. d6 Rab8 27. c5 bxc5 28. b5 Be6 29. Bd5 c4 30. Qf3 Bf5 31. Rg1 Kh7 32. Bxf7 Rf8 33. Bd5 Nc5 34. Qe3 Rxb5 35. Qd4 Qxd4 36. Bxd4 Nb3 37. Rg3 Rxd5 38. e6 Nxa1 0-1

[Event "SRB-chT (Women)"]
[Site "Valjevo"]
[Date "2020.10.03"]
[Round "11.5"]
[White "Maksimovic, Suzana"]
[Black "Djuric, Vesna"]
[Result "1-0"]
[WhiteElo "2110"]
[BlackElo "2000"]
[PlyCount "49"]
[EventDate "2020.09.25"]
[EventType "team-tourn"]
[EventRounds "11"]
[EventCountry "SRB"]
[SourceTitle "CBM 198 Extra"]
[Source "ChessBase"]
[SourceDate "2020.11.30"]
[SourceVersion "1"]
[SourceVersionDate "2020.11.30"]
[SourceQuality "1"]
[WhiteTeam "Kac Jugovic (W)"]
[BlackTeam "Belgrade Crvena Zvezda (W)"]
[WhiteTeamCountry "SRB"]
[BlackTeamCountry "SRB"]

1. d4 Nf6 2. Nf3 e6 3. e3 d5 4. c4 c6 5. Nbd2 Be7 6. Bd3 0-0 7. 0-0 Nbd7 8. b3 b6 9. Bb2 Bb7 10. Qc2 Re8 11. Ne5 Rc8 12. f4 Bd6 13. Rf3 Nf8 14. c5 Bb8 15. b4 N6d7 16. Rh3 f5 17. g4 g6 18. gxf5 exf5 19. Bxf5 Nxe5 20. dxe5 gxf5 21. Qxf5 Rc7 22. Rg3+ Ng6 23. e6 d4 24. Bxd4 Ree7 25. Ne4 1-0

[Event "SRB-chT (Women)"]
[Site "Kragujevac"]
[Date "2015.08.27"]
[Round "8.5"]
[White "Djuric, Vesna"]
[Black "Panic, Anastasija"]
[Result "1/2-1/2"]
[WhiteElo "2049"]
[BlackElo "1879"]
[PlyCount "120"]
[EventDate "2015.08.20"]
[EventType "team-tourn"]
[EventRounds "11"]
[EventCountry "SRB"]
[SourceTitle "EXT 2016"]
[Source "ChessBase"]
[SourceDate "2015.10.08"]
[SourceVersion "1"]
[SourceVersionDate "2015.10.08"]
[SourceQuality "1"]
[WhiteTeam "Debrc (W)"]
[BlackTeam "Lestane (W)"]
[WhiteTeamCountry "SRB"]
[BlackTeamCountry "SRB"]

1. d4 Nf6 2. c4 e6 3. Nf3 b6 4. g3 Ba6 5. b3 Bb4+ 6. Bd2 Be7 7. Bg2 c6 8. Bc3 d5 9. Ne5 Nfd7 10. Nxd7 Nxd7 11. Nd2 0-0 12. 0-0 f5 13. Bb2 Bd6 14. f4 Nf6 15. Re1 Rc8 16. e3 Qe7 17. a3 Rfd8 18. Rc1 Ne4 19. Bf1 Nxd2 20. Qxd2 dxc4 21. bxc4 Bb7 22. Qc2 c5 23. d5 exd5 24. Qxf5 Rf8 25. Qh5 g6 26. Qf3 d4 27. Qf2 Qe4 28. Bg2 Qxg2+ 29. Qxg2 Bxg2 30. Kxg2 dxe3 31. Rxe3 Rfe8 32. Rce1 Rxe3 33. Rxe3 Kf7 34. Kf3 Rd8 35. Rd3 Ke6 36. Be5 a6 37. a4 Bc7 38. Rxd8 Bxd8 39. Ke4 h5 40. h3 Kd7 41. Kd5 Be7 42. g4 hxg4 43. hxg4 Bd8 44. Bc3 Be7 45. f5 gxf5 46. gxf5 Kc7 47. Be5+ Kb7 48. Bd6 Bg5 49. a5 b5 50. cxb5 axb5 51. Bxc5 Bf6 52. Bd4 Bg5 53. Kc5 Ka6 54. Kb4 Bd2+ 55. Bc3 Bg5 56. Kc5 Be7+ 57. Kc6 b4 58. Bd4 Kxa5 59. Kd7 Bg5 60. Ke6 Ka4 1/2-1/2

[Event "SRB-chT (Women)"]
[Site "Kragujevac"]
[Date "2015.08.26"]
[Round "7.1"]
[White "Petrenko, Svetlana"]
[Black "Djuric, Vesna"]
[Result "1-0"]
[WhiteElo "2172"]
[BlackElo "2049"]
[PlyCount "135"]
[EventDate "2015.08.20"]
[EventType "team-tourn"]
[EventRounds "11"]
[EventCountry "SRB"]
[SourceTitle "EXT 2016"]
[Source "ChessBase"]
[SourceDate "2015.10.08"]
[SourceVersion "1"]
[SourceVersionDate "2015.10.08"]
[SourceQuality "1"]
[WhiteTeam "Belgrade Radnicki (W)"]
[BlackTeam "Debrc (W)"]
[WhiteTeamCountry "SRB"]
[BlackTeamCountry "SRB"]

1. f4 c5 2. Nf3 Nc6 3. g3 d6 4. Bg2 e5 5. d3 Bg4 6. h3 Be6 7. 0-0 Be7 8. e4 f6 9. c4 Nd4 10. Nc3 Qd7 11. f5 Bf7 12. a4 Bd8 13. Nxd4 cxd4 14. Ne2 Ba5 15. g4 g5 16. fxg6 hxg6 17. Qb3 Be6 18. Qb5 Bd8 19. b4 Nh6 20. Qxd7+ Kxd7 21. a5 Nf7 22. b5 Be7 23. Ng3 Ng5 24. Bxg5 fxg5 25. Nh1 Raf8 26. Rxf8 Rxf8 27. Kh2 Ra8 28. Kg3 a6 29. b6 Rf8 30. Nf2 Kc6 31. Bf3 Kc5 32. Rb1 Kc6 33. Bd1 Kc5 34. Ba4 Bd8 35. Kg2 Be7 36. Nh1 Bf7 37. Ng3 Be8 38. Bd1 Kc6 39. Ne2 Kd7 40. Nc1 Kc8 41. Na2 Bc6 42. Nb4 Kd7 43. Bf3 Ba4 44. Ra1 Bc6 45. Bd1 Bd8 46. Nd5 Rf7 47. Bb3 Rf8 48. Rc1 Be7 49. Nb4 Rf4 50. Re1 Rf8 51. Nc2 Rf4 52. Re2 Rf8 53. Ne1 Kc8 54. Nf3 Rf4 55. Rc2 Kd7 56. c5 Rf8 57. Bd5 Bxd5 58. exd5 dxc5 59. Nxe5+ Kd6 60. Nxg6 Rf7 61. Re2 Bf6 62. h4 Kxd5 63. hxg5 Bg7 64. Ne7+ Kd6 65. Nf5+ Kc6 66. Re6+ Kd7 67. Rd6+ Ke8 68. g6 1-0

[Event "SRB-chT (Women)"]
[Site "Kragujevac"]
[Date "2015.08.25"]
[Round "6.4"]
[White "Djuric, Vesna"]
[Black "Benderac, Ana"]
[Result "0-1"]
[WhiteElo "2049"]
[BlackElo "2216"]
[PlyCount "54"]
[EventDate "2015.08.20"]
[EventType "team-tourn"]
[EventRounds "11"]
[EventCountry "SRB"]
[SourceTitle "EXT 2016"]
[Source "ChessBase"]
[SourceDate "2015.10.08"]
[SourceVersion "1"]
[SourceVersionDate "2015.10.08"]
[SourceQuality "1"]
[WhiteTeam "Debrc (W)"]
[BlackTeam "Rudovci Radnicki (W)"]
[WhiteTeamCountry "SRB"]
[BlackTeamCountry "SRB"]

1. d4 g6 2. c4 Bg7 3. Nc3 c5 4. d5 Bxc3+ 5. bxc3 Qa5 6. Qc2 f5 7. Bf4 Nf6 8. Nf3 d6 9. Nd2 Nbd7 10. e3 0-0 11. Be2 Qa6 12. h4 Ne5 13. Bh6 Rf7 14. h5 Nxh5 15. Bxh5 gxh5 16. Qd1 Nxc4 17. Qxh5 Bd7 18. Nf3 Ne5 19. Ng5 Qc4 20. Rd1 Bb5 21. f4 Qxc3+ 22. Kf2 Ng4+ 23. Kg3 Qxe3+ 24. Kh4 Nxh6 25. Ne6 Qe2 26. Qg5+ Kh8 27. Qg3 Rg8 0-1

[Event "SRB-chT (Women)"]
[Site "Kragujevac"]
[Date "2015.08.21"]
[Round "2.2"]
[White "Djuric, Vesna"]
[Black "Injac, Teodora"]
[Result "0-1"]
[WhiteElo "2049"]
[BlackElo "2161"]
[PlyCount "56"]
[EventDate "2015.08.20"]
[EventType "team-tourn"]
[EventRounds "11"]
[EventCountry "SRB"]
[SourceTitle "EXT 2016"]
[Source "ChessBase"]
[SourceDate "2015.10.08"]
[SourceVersion "1"]
[SourceVersionDate "2015.10.08"]
[SourceQuality "1"]
[WhiteTeam "Debrc (W)"]
[BlackTeam "Novi Sad Kruzok (W)"]
[WhiteTeamCountry "SRB"]
[BlackTeamCountry "SRB"]

1. d4 Nf6 2. c4 d6 3. Nc3 Nbd7 4. e4 e5 5. d5 Nc5 6. f3 a5 7. b3 Be7 8. Be3 0-0 9. Nge2 Nh5 10. g4 Bh4+ 11. Kd2 Nf6 12. Ng3 Ne8 13. Kc2 Bg5 14. Qd2 Bxe3 15. Qxe3 Qh4 16. Nf5 Bxf5 17. exf5 c6 18. Rd1 Na6 19. a3 Nc5 20. Ne4 Nxe4 21. fxe4 Qxg4 22. Be2 Qh4 23. Rdg1 Nf6 24. Bf3 cxd5 25. exd5 a4 26. Rg3 axb3+ 27. Qxb3 Rfc8 28. Be2 Qe4+ 0-1

[Event "Belgrade op"]
[Site "Belgrade"]
[Date "2009.12.01"]
[Round "8"]
[White "Rundgren, Anders"]
[Black "Djuric, Vesna"]
[Result "0-1"]
[WhiteElo "1965"]
[BlackElo "2070"]
[PlyCount "76"]
[EventDate "2009.11.24"]
[EventType "swiss"]
[EventRounds "9"]
[EventCountry "YUG"]
[SourceTitle "CBM 133 Extra"]
[Source "ChessBase"]
[SourceDate "2010.01.05"]
[SourceVersion "1"]
[SourceVersionDate "2010.01.05"]
[SourceQuality "1"]

1. e4 c5 2. Nc3 Nc6 3. g3 g6 4. Bg2 Bg7 5. d3 d6 6. f4 e5 7. Nh3 Nge7 8. 0-0 0-0 9. f5 gxf5 10. exf5 Bxf5 11. Rxf5 Nxf5 12. Be4 Ncd4 13. Qh5 Qd7 14. g4 Nh6 15. Bxh6 Bxh6 16. Qxh6 f5 17. gxf5 Qg7+ 18. Qxg7+ Kxg7 19. Rc1 Nxf5 20. Nb5 Nd4 21. Nxd4 cxd4 22. c4 dxc3 23. bxc3 Rab8 24. c4 b5 25. cxb5 Rxb5 26. Ng5 Kh6 27. Nh3 d5 28. Rc6+ Kg7 29. Rc7+ Rf7 30. Rxf7+ Kxf7 31. Bxh7 Rb1+ 32. Kg2 Rb2+ 33. Kg3 Rxa2 34. Ng5+ Kg7 35. h4 a5 36. Bf5 a4 37. Kf3 a3 38. Be6 Rd2 0-1

[Event "Belgrade op"]
[Site "Belgrade"]
[Date "2009.11.30"]
[Round "7"]
[White "Djuric, Vesna"]
[Black "Jovic, Slavko"]
[Result "1/2-1/2"]
[WhiteElo "2070"]
[BlackElo "1920"]
[PlyCount "83"]
[EventDate "2009.11.24"]
[EventType "swiss"]
[EventRounds "9"]
[EventCountry "YUG"]
[SourceTitle "CBM 133 Extra"]
[Source "ChessBase"]
[SourceDate "2010.01.05"]
[SourceVersion "1"]
[SourceVersionDate "2010.01.05"]
[SourceQuality "1"]

1. d4 Nf6 2. c4 g6 3. Nc3 Bg7 4. e4 d6 5. f3 0-0 6. Bg5 Nc6 7. Nge2 a6 8. Qd2 Rb8 9. d5 Ne5 10. Nd4 c5 11. Nc2 Ne8 12. a4 Nc7 13. Ra3 Bd7 14. f4 f6 15. Bh4 Nf7 16. b4 cxb4 17. Nxb4 Qe8 18. Bd3 e5 19. dxe6 Bxe6 20. 0-0 g5 21. Bg3 gxf4 22. Bxf4 Ne5 23. Ncd5 Nxd5 24. Nxd5 Kh8 25. Qb4 Qc6 26. a5 Rbc8 27. Bxe5 fxe5 28. Rb3 Qc5+ 29. Qxc5 Rxc5 30. Rxb7 Rxa5 31. Rb6 Rxf1+ 32. Kxf1 Bf8 33. Nc7 Bf7 34. Rxa6 Rc5 35. Nd5 Bxd5 36. exd5 Rc7 37. Rc6 Rf7+ 38. Ke2 Kg7 39. Rc8 h6 40. Be4 Rf4 41. Bc2 Rf7 42. Rb8 1/2-1/2

[Event "SCG Cup (Woman)"]
[Site "Vrnjacka Banja"]
[Date "2006.05.06"]
[Round "6"]
[White "Djuric, Vesna"]
[Black "Dragasevic, Antonina"]
[Result "1/2-1/2"]
[WhiteElo "2082"]
[BlackElo "2146"]
[PlyCount "84"]
[EventDate "2006.05.01"]
[EventType "swiss"]
[EventRounds "7"]
[EventCountry "YUG"]
[SourceTitle "EXT 2007"]
[Source "ChessBase"]
[SourceDate "2006.11.23"]
[SourceVersion "1"]
[SourceVersionDate "2006.11.23"]
[SourceQuality "1"]

1. d4 Nf6 2. c4 d6 3. Nc3 c6 4. e4 Qc7 5. Nf3 Bg4 6. Be2 Nbd7 7. Be3 e5 8. Nd2 Bxe2 9. Qxe2 Be7 10. 0-0 0-0 11. d5 a5 12. Na4 Rfc8 13. f3 b6 14. b3 Nc5 15. Nc3 cxd5 16. exd5 h6 17. a3 a4 18. b4 Nb3 19. Nb5 Qb7 20. Nxb3 axb3 21. Rfb1 Nxd5 22. cxd5 Qxd5 23. a4 Rc2 24. Qd1 Qe6 25. Qd3 Ra2 26. Nc7 e4 27. Qf1 Qe5 28. Rxa2 bxa2 29. Nxa8 axb1Q 30. Qxb1 exf3 31. Bxb6 fxg2 32. Bf2 d5 33. Qe1 Qg5 34. Bg3 d4 35. Nb6 d3 36. Nc4 Qd5 37. Qxe7 Qxc4 38. Be1 Qd4+ 39. Kxg2 d2 40. Bxd2 Qxd2+ 41. Kg3 Qd3+ 42. Kf2 Qd2+ 1/2-1/2

[Event "SCG Cup (Woman)"]
[Site "Vrnjacka Banja"]
[Date "2006.05.05"]
[Round "5"]
[White "Stojanovic, Marija R"]
[Black "Djuric, Vesna"]
[Result "1/2-1/2"]
[WhiteElo "2187"]
[BlackElo "2082"]
[PlyCount "30"]
[EventDate "2006.05.01"]
[EventType "swiss"]
[EventRounds "7"]
[EventCountry "YUG"]
[SourceTitle "EXT 2007"]
[Source "ChessBase"]
[SourceDate "2006.11.23"]
[SourceVersion "1"]
[SourceVersionDate "2006.11.23"]
[SourceQuality "1"]

1. e4 c5 2. Nf3 Nc6 3. Bb5 e6 4. Bxc6 bxc6 5. e5 f6 6. 0-0 Ne7 7. Re1 Ng6 8. d4 cxd4 9. Qxd4 Qb6 10. Be3 Rb8 11. exf6 c5 12. Qc3 Qxb2 13. Qxb2 Rxb2 14. fxg7 Bxg7 15. Na3 d6 1/2-1/2

[Event "SCG Cup (Woman)"]
[Site "Vrnjacka Banja"]
[Date "2006.05.04"]
[Round "4"]
[White "Djuric, Vesna"]
[Black "Eric, Jovana"]
[Result "1/2-1/2"]
[WhiteElo "2082"]
[BlackElo "2001"]
[PlyCount "120"]
[EventDate "2006.05.01"]
[EventType "swiss"]
[EventRounds "7"]
[EventCountry "YUG"]
[SourceTitle "EXT 2007"]
[Source "ChessBase"]
[SourceDate "2006.11.23"]
[SourceVersion "1"]
[SourceVersionDate "2006.11.23"]
[SourceQuality "1"]

1. d4 d5 2. Nf3 Nf6 3. c4 c6 4. Nc3 dxc4 5. a4 Bf5 6. Ne5 Nbd7 7. Nxc4 Nd5 8. f3 e5 9. e4 Nxc3 10. bxc3 Be6 11. Be3 Qc7 12. Be2 Rd8 13. 0-0 Be7 14. Qc2 0-0 15. Rfd1 exd4 16. cxd4 Nf6 17. Rab1 Bc8 18. Bf2 Nh5 19. Bf1 f5 20. exf5 Bxf5 21. Bd3 Bxd3 22. Qxd3 Nf4 23. Qb3 Rb8 24. Ne5+ Nd5 25. Nc4 Bg5 26. Bg3 Bf4 27. Bxf4 Rxf4 28. Ne3 Qf7 29. Nxd5 cxd5 30. Rbc1 Rd8 31. Qc3 Qd7 32. Qe3 Rf6 33. a5 Ra6 34. Qe5 Re6 35. Qf4 Rf6 36. Qc7 Re6 37. Qxd7 Rxd7 38. Kf2 Rde7 39. Rd2 Kf7 40. Rc5 Rd7 41. Rb2 b6 42. axb6 axb6 43. Rcb5 Rdd6 44. g4 Ke7 45. h4 Kd7 46. g5 Kc7 47. h5 Re8 48. Kg3 Kb7 49. Kf4 Re1 50. Kf5 g6+ 51. hxg6 hxg6+ 52. Kf4 Re7 53. Rh2 Ka6 54. Rb1 Rde6 55. Ra2+ Kb7 56. Rba1 Kc6 57. Rc1+ Kb7 58. Rca1 Kc6 59. Rc1+ Kb7 60. Rca1 Kc6 1/2-1/2

[Event "BIH-chT (Women)"]
[Site "Neum"]
[Date "2004.06.03"]
[Round "6"]
[White "Djuric, Vesna"]
[Black "Maksimovic, Suzana"]
[Result "0-1"]
[WhiteElo "2082"]
[BlackElo "2258"]
[PlyCount "56"]
[EventDate "2004.05.??"]
[EventType "team"]
[EventRounds "7"]
[EventCountry "BIH"]
[SourceTitle "CBM 100 Extra"]
[Source "ChessBase"]
[SourceDate "2004.07.06"]
[SourceVersion "2"]
[SourceVersionDate "2004.07.06"]
[SourceQuality "1"]

1. e4 c5 2. g3 d5 3. Bg2 dxe4 4. Bxe4 Nf6 5. Bg2 Nc6 6. d3 Bg4 7. Bf3 Qd7 8. h3 Bxf3 9. Nxf3 0-0-0 10. Na3 e5 11. Bg5 Qf5 12. Qe2 Nd4 13. Nxd4 cxd4 14. Bxf6 Bb4+ 15. Kf1 gxf6 16. Nc4 h5 17. a3 Bd6 18. Re1 Bc7 19. Qe4 Qe6 20. b3 f5 21. Qf3 Kb8 22. Rg1 Rde8 23. Nd2 Ba5 24. b4 Bc7 25. Qd1 e4 26. dxe4 fxe4 27. Rxe4 Qxh3+ 28. Rg2 Rxe4 0-1

[Event "YUG-ch (Women)"]
[Site "Kotor"]
[Date "2002.04.24"]
[Round "11"]
[White "Chelushkina, Irina"]
[Black "Djuric, Vesna"]
[Result "1/2-1/2"]
[WhiteElo "2385"]
[BlackElo "2082"]
[PlyCount "89"]
[EventDate "2002.04.13"]
[EventType "tourn"]
[EventRounds "13"]
[EventCountry "YUG"]
[SourceTitle "EXT 2003"]
[Source "ChessBase"]
[SourceDate "2002.11.25"]
[SourceVersion "1"]
[SourceVersionDate "2002.11.25"]
[SourceQuality "1"]

1. g3 Nf6 2. Bg2 c5 3. c4 d5 4. cxd5 Nxd5 5. Nc3 Nc7 6. d3 e5 7. Be3 Be7 8. Nf3 Nc6 9. Nd2 Bd7 10. 0-0 0-0 11. Nc4 f6 12. a4 Rb8 13. f4 exf4 14. Bxf4 Be6 15. Nb5 Nxb5 16. axb5 Ne5 17. Rxa7 Bd5 18. e4 Nxc4 19. dxc4 Bxc4 20. Qxd8 Rbxd8 21. Rc1 Bd3 22. Rxb7 Rfe8 23. b6 c4 24. Rc7 g5 25. Be3 Bd6 26. R7xc4 Bxc4 27. Rxc4 Be5 28. Bh3 Rd3 29. Bf2 Rb3 30. Bd7 Rd8 31. Be6+ Kh8 32. Bd5 Rxb2 33. b7 Kg7 34. h4 gxh4 35. gxh4 Rb8 36. Be3 h5 37. Bf2 R8xb7 38. Bxb7 Rxb7 39. Kg2 Rb3 40. Ra4 Rd3 41. Ra7+ Kg6 42. Ra6 Rc3 43. Ra4 Rb3 44. Rc4 Ra3 45. Rb4 1/2-1/2

[Event "YUG-ch (Women)"]
[Site "Kotor"]
[Date "2002.04.21"]
[Round "8"]
[White "Djuric, Vesna"]
[Black "Maksimovic, Suzana"]
[Result "0-1"]
[WhiteElo "2082"]
[BlackElo "2282"]
[PlyCount "74"]
[EventDate "2002.04.13"]
[EventType "tourn"]
[EventRounds "13"]
[EventCountry "YUG"]
[SourceTitle "EXT 2003"]
[Source "ChessBase"]
[SourceDate "2002.11.25"]
[SourceVersion "1"]
[SourceVersionDate "2002.11.25"]
[SourceQuality "1"]

1. d4 Nf6 2. c4 e6 3. Nf3 c5 4. d5 b5 5. Bg5 exd5 6. cxd5 d6 7. Nc3 Be7 8. Nxb5 0-0 9. Nc3 Nbd7 10. e4 Rb8 11. Qc2 Nxd5 12. Nxd5 Bxg5 13. Nxg5 Qxg5 14. f4 Qd8 15. 0-0-0 Nb6 16. Nc3 Qf6 17. g3 Bg4 18. Be2 Bxe2 19. Qxe2 Rfe8 20. Rd2 Qe6 21. f5 Qh6 22. Qd3 d5 23. exd5 Re3 24. Qb5 c4 25. a4 Rxc3+ 26. bxc3 Qe3 27. Qb4 a5 28. Qd6 Qxc3+ 29. Rc2 Qe3+ 30. Kb1 Nd7+ 31. Ka1 Qd4+ 32. Ka2 Qd3 33. Rhc1 Qb3+ 34. Ka1 c3 35. Ra2 c2 36. Raxc2 Qxa4+ 37. Ra2 Qd4+ 0-1

[Event "YUG-ch (Women)"]
[Site "Kotor"]
[Date "2002.04.18"]
[Round "6"]
[White "Petrovic, Marija"]
[Black "Djuric, Vesna"]
[Result "1-0"]
[WhiteElo "2243"]
[BlackElo "2082"]
[PlyCount "53"]
[EventDate "2002.04.13"]
[EventType "tourn"]
[EventRounds "13"]
[EventCountry "YUG"]
[SourceTitle "EXT 2003"]
[Source "ChessBase"]
[SourceDate "2002.11.25"]
[SourceVersion "1"]
[SourceVersionDate "2002.11.25"]
[SourceQuality "1"]

1. d4 Nf6 2. Nf3 e6 3. e3 c5 4. Bd3 b6 5. 0-0 Ba6 6. c4 Bb7 7. Nc3 Be7 8. b3 0-0 9. Bb2 cxd4 10. exd4 d5 11. Ne5 dxc4 12. bxc4 Nc6 13. Nxc6 Bxc6 14. Bc2 Qd7 15. Qd3 g6 16. Rad1 Rfd8 17. Rfe1 Qb7 18. Qh3 Rd7 19. d5 exd5 20. Nxd5 Bxd5 21. cxd5 Rxd5 22. Qf3 Rxd1 23. Bxd1 Nd5 24. Bb3 Rd8 25. h3 Qc6 26. Bxd5 Rxd5 27. Rxe7 1-0

[Event "YUG-ch U18 Girls 28th"]
[Site "Obrenovac"]
[Date "2002.01.10"]
[Round "2"]
[White "Drljevic, Ljilja"]
[Black "Djuric, Vesna"]
[Result "1-0"]
[WhiteElo "2110"]
[BlackElo "2094"]
[PlyCount "83"]
[EventDate "2002.01.09"]
[EventType "tourn"]
[EventRounds "13"]
[EventCountry "YUG"]
[SourceTitle "CBM 086 Extra"]
[Source "ChessBase"]
[SourceDate "2002.03.14"]
[SourceVersion "1"]
[SourceVersionDate "2002.03.14"]
[SourceQuality "1"]

1. e4 c5 2. d3 Nc6 3. g3 g6 4. Bg2 Bg7 5. Nf3 d6 6. 0-0 e5 7. c3 Nge7 8. a3 0-0 9. b4 a6 10. Re1 h6 11. Nbd2 Be6 12. Nc4 d5 13. exd5 Bxd5 14. Qe2 Nf5 15. Ncd2 cxb4 16. axb4 Re8 17. Ne4 Nd6 18. Nfd2 Nb5 19. Bb2 b6 20. Qd1 f5 21. c4 fxe4 22. cxd5 Qxd5 23. Bxe4 Qe6 24. Nc4 Ra7 25. Qf3 Ncd4 26. Qg2 Kh7 27. Rac1 Qe7 28. Nxb6 Qxb4 29. Bxd4 Nxd4 30. Nd5 Qd2 31. Rcd1 Qa2 32. h4 h5 33. g4 hxg4 34. Qxg4 Re6 35. h5 Rf7 36. hxg6+ Kh8 37. gxf7 Qa3 38. Re3 Rh6 39. Rh3 Qf8 40. Rxh6+ Bxh6 41. Qg6 Qg7 42. f8Q+ 1-0

[Event "YUG-ch (Women)"]
[Site "Budva"]
[Date "2002.??.??"]
[Round "?"]
[White "Kostic, Maja"]
[Black "Djuric, Vesna"]
[Result "0-1"]
[WhiteElo "2146"]
[BlackElo "2091"]
[PlyCount "72"]
[EventDate "2002.08.??"]
[EventType "team"]
[EventRounds "9"]
[EventCountry "YUG"]
[SourceTitle "EXT 2003"]
[Source "ChessBase"]
[SourceDate "2002.11.25"]
[SourceVersion "1"]
[SourceVersionDate "2002.11.25"]
[SourceQuality "1"]

1. c4 Nf6 2. Nf3 e6 3. Nc3 c5 4. g3 b6 5. Bg2 Bb7 6. 0-0 d6 7. Re1 a6 8. e4 Qc7 9. b3 Be7 10. d4 cxd4 11. Nxd4 0-0 12. Be3 Nbd7 13. f4 Nc5 14. Bf2 Rfd8 15. b4 Ncd7 16. Rc1 Rac8 17. a3 Qb8 18. Qe2 Bf8 19. Nb3 Kh8 20. g4 Ng8 21. Bg3 Qa8 22. g5 Ne7 23. Bh3 Ng6 24. Rf1 Rc7 25. Nd2 Rdc8 26. Qh5 b5 27. f5 exf5 28. exf5 Nge5 29. Bxe5 dxe5 30. c5 Nxc5 31. g6 h6 32. f6 Nd3 33. Nf3 Nf4 34. Bxc8 Nxh5 35. Bxb7 Qxb7 36. Nxe5 fxg6 0-1